| 000 | 00375nam a2200157Ia 4500 | ||
|---|---|---|---|
| 008 | 230917s9999||||xx |||||||||||||| ||und|| | ||
| 020 | _cRS0.55 | ||
| 040 |
_e12474 _aMAIN |
||
| 041 | _aEnglish | ||
| 082 | _a301.446 F951A | ||
| 100 | _aFuchs, Stephen | ||
| 245 | 0 | _aAboriginal tribes of India | |
| 260 |
_aDelhi _bMacmillan _c1973 |
||
| 300 | _avii, 305 p. | ||
| 942 | _cBK | ||
| 999 |
_c184638 _d184638 |
||